Ikonomiko-matematičeskoto modelirane i priloženieto mu v savremennata ikonomika.
Analýza rozvoja a aplikácie ekonomicko-matematického modelovania v ekonomickom výskume a v hospodárskej praxi. Obmedzená možnosť jeho uplatnenia v centralizovanom plánovaní. Priaznivé podmienky používania ekonomicko-matematického modelovania pri prechode k trhovej ekonomike. Návrh na využívanie počí...
Enregistré dans:
| Auteur principal: | |
|---|---|
| Format: | Chapitre de livre |
| Langue: | bulgare |
| Sujets: | |
| Tags: |
Pas de tags, Soyez le premier à ajouter un tag!
|
MARC
| LEADER | 00000naa a2200000 4500 | ||
|---|---|---|---|
| 001 | r003143 | ||
| 005 | 20220819194038.8 | ||
| 041 | 0 | |a bul | |
| 044 | |a BG | ||
| 245 | 1 | 0 | |a Ikonomiko-matematičeskoto modelirane i priloženieto mu v savremennata ikonomika. |c P. Šapkarev |
| 520 | |a Analýza rozvoja a aplikácie ekonomicko-matematického modelovania v ekonomickom výskume a v hospodárskej praxi. Obmedzená možnosť jeho uplatnenia v centralizovanom plánovaní. Priaznivé podmienky používania ekonomicko-matematického modelovania pri prechode k trhovej ekonomike. Návrh na využívanie počítačovej techniky v modelovaní. | ||
| 610 | 2 | 0 | |a modely ekonomicko-matematické |
| 610 | 2 | 0 | |a výskum ekonomický |
| 610 | 2 | 0 | |a plánovanie centrálne |
| 610 | 2 | 0 | |a hospodárstvo trhové |
| 610 | 2 | 0 | |a využitie počítačov |
| 100 | 1 | |a Šapkarev, P. | |